Honduras: caudillo politics and military rules
sin resumen
שמור ב:
| מחבר ראשי: | |
|---|---|
| פורמט: | Texto |
| יצא לאור: |
Colorado:
Westview Press
|
| נושאים: | |
| תגים: |
הוספת תג
אין תגיות, היה/י הראשונ/ה לתייג את הרשומה!
|
MARC
| LEADER | 00000 a a2200000 04500 | ||
|---|---|---|---|
| 001 | 3684 | ||
| 003 | |||
| 040 | |||
| 090 | |a 114100 | ||
| 100 | |a Morris, James A. | ||
| 245 | |a Honduras: caudillo politics and military rules | ||
| 260 | |a Colorado: |b Westview Press | ||
| 300 | |a 157 p | ||
| 300 | |b **no definido** |b fonodiscos | ||
| 520 | |a sin resumen | ||
| 650 | |a ASPECTOS POLITICOS | ||
| 650 | |a FUERZAS ARMADAS | ||
| 999 | |c 11120 |d 11120 | ||
